000 01505cam a2200373 a 4500
999 _c107
_d107
001 14605600
003 OSt
005 20190726093804.0
008 061023r20072001nyu c 000 1 eng
010 _a 2006937094
020 _a9781423103868
020 _a1423103866
040 _aDLC
_cDLC
_dDLC
042 _apcc
082 0 0 _aFIC FLA
_223
100 1 _aFlake, Sharon.
_eauthor
245 1 0 _aMoney hungry /
_cSharon Flake.
260 _aNew York :
_bJump at the Sun / Hyperion Paperbacks for Children,
_c2007.
300 _a188 p. ;
_c21 cm.
500 _aSequel: Begging for change.
520 _aAll thirteen-year-old Raspberry can think of is making money so that she and her mother never have to worry about living on the streets again.
586 _aCoretta Scott King Author Honor Book, 2002.
650 0 _aMoney
_vJuvenile fiction.
650 0 _aMothers and daughters
_vJuvenile fiction.
650 0 _aSingle-parent families
_vJuvenile fiction.
650 0 _aInner cities
_vJuvenile fiction.
650 0 _aAfrican Americans
_vJuvenile fiction.
700 _aGilshian, Eileen
_eCover designer
856 4 2 _3Publisher description
_uhttp://www.loc.gov/catdir/enhancements/fy0912/2006937094-d.html
856 4 2 _3Contributor biographical information
_uhttp://www.loc.gov/catdir/enhancements/fy1309/2006937094-b.html
906 _a7
_bcbc
_corignew
_d2
_eepcn
_f20
_gy-gencatlg
942 _2ddc
_cFIC